000 00313nam a22001337a 4500
008 170926b xxu||||| |||| 00| 0 eng d
020 _a9780321172778
041 _aeng
080 _22ND
_a37
100 _a46
101 _aEDU
245 _aGOOD REASONS WITH CONTEMPORARY ARGUMENTS
_cFAIGLEY,L
942 _2udc
_cBK
999 _c29885
_d29885